KOHA-Header-6

Web Enabled Commercial Applications Development (Record no. 7775)

000 -LEADER
fixed length control field 00256nam a2200109Ia 4500
020 ## - INTERNATIONAL STANDARD BOOK NUMBER
ISBN 978-8183330084
100 ## - MAIN ENTRY--AUTHOR NAME
Personal name Ivan Bayross
245 #0 - TITLE STATEMENT
Title Web Enabled Commercial Applications Development
260 ## - PUBLICATION, DISTRIBUTION, ETC. (IMPRINT)
Place of publication New Delhi
Name of publisher BPB
Year of publication 2000
300 ## - PHYSICAL DESCRIPTION
Number of Pages 975
942 ## - ADDED ENTRY ELEMENTS (KOHA)
Koha item type Books
Holdings
Withdrawn status Lost status Collection code Permanent Location Current Location Shelving location Date acquired Full call number Accession Number Koha item type
    Computer Languages MAJU MAJU Shelf No.A18 2019-09-12 005.2 1894 Computer Languages

Powered by Koha